000 00481nam a2200181Ia 4500
005 20250508151931.0
008 008 250505s9999 xx 000 0 eng d
037 _aTextual
040 _aFEDL
_beng
_cFEDL
041 _aeng
_2eng
084 _a421, MIT
_qFEDL
100 _aMitchell A G
_9760405
245 0 _aUse of english
260 _aSydney, Australia
_bAngus and Robertson
_c1955
300 _a207p.
942 _cTEXL
_h421, MIT
999 _c1333066
_d1333066